| 000 | 01450nam a22002177a 4500 | ||
|---|---|---|---|
| 999 |
_c3765 _d3765 |
||
| 003 | OSt | ||
| 005 | 20241023083243.0 | ||
| 008 | 241023b ||||| |||| 00| 0 eng d | ||
| 020 | _a9780062498540 | ||
| 040 | _cKH8 | ||
| 082 | _aFIC THO | ||
| 100 |
_aThomas, Angie, _eauthor. |
||
| 245 |
_aThe Hate U Give / _cAngie Thomas. |
||
| 260 |
_aNew York ; _b Harper Collins Publishers, _c2022. |
||
| 300 |
_a444 pages " _c21 cm. |
||
| 500 | _aIncludes Racism & anti-racism background information, discussion questions, action prompts. | ||
| 520 | _aSixteen-year-old Starr Carter moves between two worlds: the poor neighborhood where she lives and the fancy suburban prep school she attends. The uneasy balance between these worlds is shattered when Starr witnesses the fatal shooting of her childhood best friend Khalil at the hands of a police officer. Khalil was unarmed. Soon afterward, his death is a national headline. Some are calling him a thug, maybe even a drug dealer and a gangbanger. Protesters are taking to the streets in Khalil's name. Some cops and the local drug lord try to intimidate Starr and her family. What everyone wants to know is: what really went down that night? And the only person alive who can answer that is Starr. But what Starr does or does not say could upend her community. It could also endanger her life. | ||
| 650 |
_aRace relations _vFiction |
||
| 650 |
_aRacism against Black people _vFiction |
||
| 942 |
_2ddc _cFIC |
||